Introducción al Estudio del Trabajo

Bibliographic Details
Main Author: Ginebra. Organización Internacional del Trabajo.
Format: Section = Libro
Language:Undetermined
Spanish
Published: México Lexus Editores 2008
Edition:4a.ed
Subjects:
LEADER 00702nam a2200241Ia 4500
008 240830s9999 xx 000 0 und d
020 |a 968-18-5628-7 
040 |a B-ESTELÍ- RUACS / 331.118 G492 
041 |a spa 
082 |a 331.118 G492  
100 1 |a Ginebra. Organización Internacional del Trabajo. 
245 1 0 |a Introducción al Estudio del Trabajo 
250 |a 4a.ed 
260 |a México  |b Lexus Editores  |c 2008 
300 |a 522 p. :il 
650 7 |a PRODUCTIVIDAD LABORAL 
650 7 |b  ESTUDIO DE MÉTODOS 
650 7 |c  TECNICAS DIRECCION DE LA PRODUCCION 
650 7 |d  MEDICION DEL TRABAJO 
650 7 |e  ORGANIZACION DEL TRABAJO 
942 |c BK  |2 ddc 
991 |a TEXTO 
999 |c 10732